Homilías sobre el año litúrgico

محفوظ في:
التفاصيل البيبلوغرافية
المؤلف الرئيسي: San León Magno (مؤلف)
التنسيق: كتاب
اللغة:الإسبانية
منشور في: Madrid Biblioteca de Autores cristianos 2014
الطبعة:1a. ed
الموضوعات:
الوسوم: إضافة وسم
لا توجد وسوم, كن أول من يضع وسما على هذه التسجيلة!

MARC

LEADER 00000cam a2200000 a 4500
001 UCD0168
003 CL-VaPUC
008 151120e20140000sp |||||||||||||||||spa|d
020 |a 9788422017530 
082 0 4 |a 281  |b LEO  |2 21 
100 0 |a San León Magno  |e author  |9 583181 
245 1 0 |a Homilías sobre el año litúrgico 
250 |a 1a. ed 
300 |a 391 p 
942 |c BK 
945 |d 20151120 13:39:00  |a dcastane 
260 |a Madrid  |b Biblioteca de Autores cristianos  |c 2014 
650 7 |a IGLESIA PRIMITIVA  |2 CL-VaPUC  |9 394704 
650 0 |a Cartas apostólicas  |9 373744 
650 0 |a Homilías  |9 366132 
650 0 |a Homilética  |9 478090 
583 |a last modification  |c 20151120 13:39:00  |k Rodrigo Vera 
999 |c 361783  |d 361781 
952 |0 0  |1 0  |3 erb  |4 0  |6 281_000000000000000_LEO_2014  |7 0  |8 A  |9 472445  |a BIBTEO  |b BIBTEO  |i 5251095  |o 281 LEO 2014  |p 5251095  |r 2024-01-18  |w 2019-11-24  |y BK  |z Catalogado en:20151120  |k ICR